The Smiths Tracklist (The Smiths) - Statistics

General Stats
  • This quiz has been taken 10 times
  • The average score is 7 of 11
Answer Stats
Hint Answer % Correct
8 Hand In Glove
89%
1 Reel Around The Fountain
89%
7 Still Ill
89%
4 Pretty Girls Make Graves
78%
5 The Hand That Rocks The Cradle
78%
10 I Don't Owe You Anything
67%
11 Suffer Little Children
67%
6 This Charming Man
67%
2 You've Got Everything Now
67%
3 Miserable Lie
56%
9 What Difference Will It Make?
0%
No matching quizzes found
Score Distribution
Percent of People with Each Score
Percentile by Number Answered
Your Score History
You have not taken this quiz